000 00451cam a22001577a 4500
008 180718b1980 xxu||||| |||| 00| 0 eng d
020 _a0916468372
082 _aJ72 N461
100 _aNewland, Kathleen
245 _aCity limits: emerging constraints on Urban growth
_cby Kathleen Newland
260 _aWashington
_bWorldwatch
_c1980
300 _a31p
650 _aUrban economics.
650 _aCities and towns --Growth
650 _aUrbanization
999 _c410668
_d410668